[Event "Monsaraz Rapid op"]
[Site "Monsaraz"]
[Date "2023.11.25"]
[Round "6"]
[White "Vignesh, B2."]
[Black "Sousa, Andre Ventura"]
[Result "1-0"]
[WhiteElo "2140"]
[BlackElo "2441"]
[PlyCount "83"]
[EventDate "2023.11.25"]
[EventType "swiss (rapid)"]
[EventRounds "9"]
[EventCountry "POR"]
[SourceTitle "CBM 217 Extra"]
[Source "ChessBase"]
[SourceDate "2024.01.31"]
[SourceVersion "1"]
[SourceVersionDate "2024.01.31"]
[SourceQuality "1"]

1. e4 c6 2. d4 d5 3. exd5 cxd5 4. Nf3 Nf6 5. Ne5 Nc6 6. Bb5 Bd7 7. Bxc6 Bxc6 8. 0-0 e6 9. c4 Be7 10. Nc3 dxc4 11. Nxc6 bxc6 12. Qa4 0-0 13. Qxc4 Qb6 14. b3 Rfd8 15. Be3 Nd5 16. Rac1 Rac8 17. Nxd5 Rxd5 18. Rc2 h6 19. h3 Qa5 20. Qe2 Ba3 21. Rc4 Qb5 22. Qg4 Kf8 23. Ra4 Be7 24. Rxa7 Bf6 25. Rc1 Qd3 26. Ra4 Bg5 27. Qf3 Rf5 28. Qd1 Qe4 29. Qc2 Qh4 30. d5 Qh5 31. g4 Qxh3 32. gxf5 Bxe3 33. fxe3 Qxe3+ 34. Kh2 Qe5+ 35. Kh1 exd5 36. Qf2 Re8 37. Rg4 Kg8 38. Qd4 Qxd4 39. Rxd4 Re2 40. a4 g5 41. fxg6 fxg6 42. Rxc6 1-0